• 首页
  • 本馆介绍
  • 公告通知
  • 最新文献
  • 馆藏检索
  • 电子资源
  • 读者导购
  • 参考咨询
  • 我的图书馆
  • 登录
  • 详细信息显示
  • 放入我的书架
  • 预约/预借图书
  • 作者相关作品
  • 分类相关作品
  • 丛书相关作品
  • 出版社相关作品

书目信息

  • 表格格式
  • 工作单格式
  • 卡片格式
题名:
学前教育课程模式
    
 
作者: 简楚瑛 著
分册:  
出版信息: 上海   华东师范大学出版社  2005
页数: 248页
开本: 21cm
丛书名:
单 册:
中图分类: G612
科图分类:
主题词: 学前教育--课程设置--研究 , 学前教育 , 课程设置
电子资源:
ISBN: 7-5617-4351-3
000 00758nam0 2200241 450
001 010060010398
005 20061205165046.18
010    @a7-5617-4351-3@dCNY17.00
100    @a20051130d2005 em y0chiy0110 ea
101 0  @achi
102    @aCN@b310000
105    @ay z 000yy
200 1  @a学前教育课程模式@9xue qian jiao yu ke cheng mo shi@f简楚瑛著
210    @a上海@c华东师范大学出版社@d2005
215    @a248页@d21cm
330    @a本书主要包括课程模式之定义与要素;蒙特梭利课程模式;河滨街模式;卡密—迪泛思课程模式;直接教学课程模式等内容。
606 0  @a学前教育@x课程设置@x研究
606 0  @a学前教育
606 0  @a课程设置
690    @aG612@v4
701  0 @a简楚瑛@9jian chu ying@4著
801  0 @aCN@bRENTIAN@c20061205
905    @a10447@dG612@e107
    
    学前教育课程模式/简楚瑛著.-上海:华东师范大学出版社,2005
    248页;21cm
    
    
    ISBN 7-5617-4351-3:CNY17.00
    本书主要包括课程模式之定义与要素;蒙特梭利课程模式;河滨街模式;卡密—迪泛思课程模式;直接教学课程模式等内容。
●
相关链接 在E读中查询图书 在五车中查询图书 在当当中查询图书 在豆瓣中查询图书


正题名:学前教育课程模式     索取号:G612/107         预约/预借

序号 登录号 条形码 馆藏地/架位号 状态 备注
1 0382392   203823924   第一样本阅览室/ [索取号:G612/107] 在馆    
2 0382393   203823933   第四借阅区/ [索取号:G612/107] 在馆    
3 0382394   203823942   密集书库/ [索取号:G612/107] 在馆    
4 0382395   203823951   教育系资料室/ [索取号:G612/107] 在馆    
5 0382396   203823960   教育系资料室/ [索取号:G612/107] 在馆    
6 0611548   206115489   密集书库/ [索取号:G612/107] 在馆    
7 0611549   206115498   第四借阅区/ [索取号:G612/107] 在馆    
8 0611550   206115504   教育系资料室/ [索取号:G612/107] 在馆    
9 0611551   206115513   密集书库/ [索取号:G612/107] 在馆    
10 0611552   206115522   密集书库/ [索取号:G612/107] 在馆    
11 0611553   206115531   密集书库/ [索取号:G612/107] 在馆    
12 0611554   206115540   教育系资料室/ [索取号:G612/107] 在馆    
唐山师范学院图书馆 欢迎您!
大连网信软件有限公司© 版权所有